00724nam a2200241Ia 4500001000900000003000500009005001700014008004100031010001100072020001800083040000900101082002100110100002000131245009600151260003300247300001400280500005800294503000800352504002800360650003000388650003300418700003100451dia_1488CHAP20251021160219.0220117s1978 xx 000 0 und d a172029 a84-291-7340-4 cCHAP a541.369 M34 1978 aMahan, Bruce H. aTermodinámica química elemental /c Bruce H. Mahan ; traducción Fidel Mato Vázquez aEspaña :b Reverte,c1978 ax, 149 p. aTítulo original: Elementary Chemical Thermodynamics aC/e aIncluye bibliografías aChemistryxThermodynamics aQuímicaxTermodinámica  aMato Vázquez, Fidel, tr.